Central Library OPAC University of Rajshahi

Historical geography of ancient and early mediaeval Bengal / (Record no. 24945)

MARC details
000 -LEADER
fixed length control field 00791nam a22002292i 4500
001 - CONTROL NUMBER
control field 24945
003 - CONTROL NUMBER IDENTIFIER
rucl marc code BD-RjUL
005 - DATE AND TIME OF LATEST TRANSACTION
control field 20211209050817.0
008 - FIXED-LENGTH DATA ELEMENTS--GENERAL INFORMATION
fixed length control field 140315s1977 ii b b 000 0 eng d
035 ## - SYSTEM CONTROL NUMBER
System control number (BD-RjUL)25014
-- OCLC ocm05334975 from D941212M
040 ## - CATALOGING SOURCE
Original cataloging agency DLC
Transcribing agency DLC
Modifying agency EQO
-- BD-RjUL
Language of cataloging eng
041 ## - LANGUAGE CODE
Language code of text/sound track or separate title eng
082 00 - DEWEY DECIMAL CLASSIFICATION NUMBER
Classification number 911.5414
Author mark and year BHH 1977
100 1# - MAIN ENTRY--PERSONAL NAME
Personal name Bhattacharyya, Amitabha.
9 (RLIN) 76745
245 10 - TITLE STATEMENT
Title Historical geography of ancient and early mediaeval Bengal /
Statement of responsibility, etc. Amitabha Bhattacharyya ; with a foreword by B. N. Mukherjee.
260 ## - PUBLICATION, DISTRIBUTION, ETC. (IMPRINT)
Place of publication, distribution, etc. Calcutta :
Name of publisher, distributor, etc. Sanskrit Pustak Bhandar,
Date of publication, distribution, etc. 1977.
300 ## - PHYSICAL DESCRIPTION
Pagination xii, 158 p. :
Illustrations maps ;
Size 22 cm.
504 ## - BIBLIOGRAPHY, ETC. NOTE
Bibliography, etc Bibliography: p. [129]-150
651 #0 - SUBJECT ADDED ENTRY--GEOGRAPHIC NAME
Geographic name Bengal (India)
General subdivision Historical geography
9 (RLIN) 76746
942 ## - ADDED ENTRY ELEMENTS (KOHA)
Source of classification or shelving scheme Dewey Decimal Classification
Koha item type Books
Holdings
Lost status Source of classification or shelving scheme Damaged status Not for loan Collection code Permanent Location Current Location Shelving location Date acquired Source of acquisition Cost, normal purchase price Total Checkouts Full call number Date last seen Date checked out Copy number Koha item type
  Dewey Decimal Classification     Non-fiction Central Library, University of Rajshahi Central Library, University of Rajshahi   29/09/1981 India Int., calcutta. 60.00 2 911.5414 BHH 1977 13/01/2020 28/06/2016 C-4 Books
  Dewey Decimal Classification     Non-fiction Central Library, University of Rajshahi Central Library, University of Rajshahi   29/09/1981 India int. cal. 50.00   911.5414 BHH 1977 28/06/2016   C-2 Books
  Dewey Decimal Classification     Non-fiction Central Library, University of Rajshahi Central Library, University of Rajshahi   29/09/1981 India international, kolcutta 60.00   911.5414 BHH 1977 06/11/2016   C-3 Books
  Dewey Decimal Classification   Not For Loan Non-fiction Central Library, University of Rajshahi Central Library, University of Rajshahi Reading Room 29/09/1981 India international, kolcutta 60.00   911.5414 BHH 1977 11/04/2017   C-1 Books